Virtualizácia firemnej IT infraštruktúry
Virtrualizácia sa v súčasnej dobe začína chápať ako samozrejmé riešenie v prípade firemnej konsolidácie IT infraštruktúry. Prináša zo sebou výrazne zmeny v administrácii a aj v samotnej štruktúre počítačovej siete. IT manažéri obhospodarujúci ešte staré systémy pracujúce formou, čo služba to server...
Salvato in:
| Autore principale: | |
|---|---|
| Natura: | Capitolo di libro |
| Lingua: | slovacco |
| Soggetti: | |
| Tags: |
Nessun Tag, puoi essere il primo ad aggiungerne!!
|
MARC
| LEADER | 00000nla$a2200000$$$4500 | ||
|---|---|---|---|
| 001 | 0119608 | ||
| 005 | 20240502072331.4 | ||
| 041 | 0 | |a slo | |
| 044 | |a SK | ||
| 245 | 1 | 0 | |a Virtualizácia firemnej IT infraštruktúry |c Peter Červenka |
| 520 | |a Virtrualizácia sa v súčasnej dobe začína chápať ako samozrejmé riešenie v prípade firemnej konsolidácie IT infraštruktúry. Prináša zo sebou výrazne zmeny v administrácii a aj v samotnej štruktúre počítačovej siete. IT manažéri obhospodarujúci ešte staré systémy pracujúce formou, čo služba to server majú teda pred sebou otázku či prekonať väčšie vstupné investície na dosiahnutie dlhodobej úspory v IT sektore. Skutočný dôvod aplikovania virtualizácie je preto otázkou dôkladnej analýzy firemného prostredia a jeho vývojových trendov. | ||
| 610 | 2 | 0 | |a technológie informačné |
| 610 | 2 | 0 | |a infraštruktúra informačná |
| 610 | 2 | 0 | |a firmy |
| 100 | 1 | |a Červenka, Peter, 1976- | |